Normal view
MARC view
- Pio Giusto
Entry Personal Name
001 - CONTROL NUMBER
- control field: 1992
003 - CONTROL NUMBER IDENTIFIER
- control field: IT-RoPau
005 - DATE AND TIME OF LATEST TRANSACTION
- control field: 20131114155750.0
008 - FIXED-LENGTH DATA ELEMENTS
- fixed length control field: 131114|| aca||aabn | a|a d
040 ## - CATALOGING SOURCE
- Original cataloging agency: IT-RoPau
- Transcribing agency: IT-RoPau
100 ## - HEADING--PERSONAL NAME
- Personal name: Pio Giusto
- Dates associated with a name: Codice autore musica SPICS: 13292
- Relator term: Autore musica
- Name of part/section of a work: Cocco fresco, cocco bello
670 ## - SOURCE DATA FOUND
- Source citation: Work cat.: (IT-RoPau)99931: AA.VV. 794, Disco (Jbt 784)